000 00603nam a2200205 a 4500
005 20140310183437.0
008 080206s19uu xx 00 eng d
020 _a9780787994648
050 _aHD 69.C6
_b.B534 2007
100 _aBiech, Elaine
245 _aThe business of consulting :
_bthe basics and beyond /
_cElaine Biech
250 _a2nd ed.
260 _aSan Francisco :
_bJohn Wiley & Sons, Inc,
_c2007.
300 _a302 p. :
_bill. ;
_c24 cm.
521 _aBSBA
650 _aConsulting firms
_xManagement.
650 _aBusiness consultants.
942 _cBK
_2lcc
_kFOR
999 _c22982
_d22982